000 00715nam a2200241Ia 4500
003 GCL
008 140319s9999 xx 000 0 ara d
040 _aGCL /
_cGCL
082 0 4 _a907.2
_bس ف
100 1 _aسيد احمد على الناصرى
245 1 0 _aفن كتابة التاريخ وطرق البحث فيه /
_cسيد احمد على الناصرى
250 _aالاولى
260 _a[S.N] :
_bدار النهضة العربية ،
_c1981
300 _a287 ص ؛
_c20 سم
490 _a
650 0 4 _aفلسفة
650 0 4 _aالحضارة
650 0 4 _aالتاريخ
650 0 4 _aالمؤرخون
650 0 4 _aعرض الكتب
650 0 4 _aالتأريخ
942 _2ddc
_cBK
999 _c31650
_d31650